Spectacular Israel

Bibliographic Details
Other Authors: Ginott, Shai (Editor)
Format: Book
Published: Cologne : Konemann , 1999
Subjects:

MARC

LEADER 00000cam a2200000 7i4500
001 0000041274
005 20001115.0
020 |a 3829022190 
090 0 0 |a 915.69403508   |b SPE 
245 0 0 |a Spectacular Israel   |c edited by Shai Ginott 
260 |a Cologne :   |b Konemann ,   |c 1999 
300 |a 130p. :   |b ill. ;   |c 31cm. 
651 0 |a Israel   |x Descriptions and travel 
651 0 |a Israel   |x History   |y 21st Century   |x Pictorial works 
700 1 |a Ginott, Shai ,   |e editor 
999 |a 00094927   |b BUKU   |c RUJUKAN   |e PERPUSTAKAAN KOMUNITI PETALING JAYA